000 06860 a2200493 4500
005 20080904151547.0
008 080904t xxu||||| |||| 00| 0 hin d
010 _aHIN-79929 B-289248-267
020 _c200.00
_a8188545198
035 _aHN-52275
035 _a B-289248-267
037 _bD.B.Act / pub
037 _bराष्ट्रीय साहित्य सदन
082 _a306.0954
100 _aचतुरसेन
245 _aभारतीय संस्कृति का विराट रूप
_cचतुरसेन
246 _aBhartiya Sanskriti ka Virat Roop
_bby Acharya Chatursen
260 _aदिल्ली
_bराष्ट्रीय साहित्य सदन
_c2007
270 _aसी-8/174, (नियर गौतमबुद्ध पार्क) यमुना विहार
_bदिल्ली
_e110053
300 _a192पृ
_c22 सेमी (सजिल्द)
942 _adpl
_cHN
_k306.0954 / चतुर
_2ddc
_h306.0954
_mचतुर
999 _c4195
_d4195